000 00797nas a2200265 4500
001 BR2011006195
003 BR-BrBNA
005 20231205115150.0
007 ta
008 230509b bl.|||p| |||| 00| 00por d
040 _aBR-BrBNA
_bpor
_cBiblioteca Nacional de Agricultura
041 _a(Pt)
072 _aH20
100 1 _aGonçalves, M.C.
100 1 _aGaldeano, D.M.
100 1 _aMaia, I. de G.
100 1 _aChagas, C.M.
245 1 _aVariabilidade genética de Sugarcane mosaic virus, causando mosaico em milho no Brasil
650 _aMILHO
650 _aMOSAICO
650 _aVIRUS
773 0 _tPesquisa Agropecuária Brasileira (Brazil)
_xISSN 0100-204X
_g(Apr 2011), v. 46(4) p. 362-369
_wBR2011006195
909 _a202311
_bLúcia
_c55
_dLúcia Elande
942 _2AGRIS
_n0
_cANA
999 _c212404
_d212404